00466 a2200169 450000100060000002000180000604000220002410000250004624000320007124500270010330000080013036200090013865000130014794200070016095201120016799900170027964067 a9788575593653 cAnchieta - Pituba aWood, Ellen Meiksins10aO império do capitallpor10aO império do capital a1510 a2014 4aSistemas cBK 00104070a91.1b91.1d2023-11-21l0o330.12 W874i WOO IMPp17680/PITr2023-11-21 18:32:29w2023-11-21yBK c64067d64067